Statistieken voor Landen die starten met een B

Klik hier om de quiz te nemen!

Algemene statistieken

  • Deze quiz is 75 keer genomen
  • De gemiddelde score is 11 van 16

Antwoordstatistieken

Land% Correct
België
100%
Bolivia
81%
Bulgarije
76%
Barbados
74%
Bosnië en Herzegovina
74%
Bhutan
72%
Botswana
72%
Bahrein
70%
Brunei
70%
Bangladesh
69%
Brazilië
69%
Burundi
67%
Bahama's
65%
Burkina Faso
65%
Benin
63%
Belize
59%

Scoreverdeling

Percentiel versus Aantal Correcte Antwoorden

Procent van Mensen met Elke Score

Uw Scoregeschiedenis

U heeft deze quiz nog niet genomen